| 000 | 01075nam a2200373 a 4500 | ||
|---|---|---|---|
| 003 | AR-BaBNM | ||
| 005 | 20251128204937.0 | ||
| 008 | 082120s2002 ||||||||||||||000 | spa|| | ||
| 020 | _a950-99676-3-7 | ||
| 040 | _cAR-BaBNM | ||
| 245 | 0 | 0 |
_aEl afásico _bcomunicación y daño cerebral |
| 260 |
_aBuenos Aires _bLa Colmena _bLARA _c1991 |
||
| 300 |
_a294 p. _bil. |
||
| 500 | _aLARA: LIGA DE LA AFASIA DE LA REPUBLICA ARGENTINA | ||
| 504 | _aBibliografía al final de cada capítulo | ||
| 650 | 4 | _aEDUCACION ESPECIAL | |
| 650 | 4 | _aTRASTORNOS DEL HABLA | |
| 650 | 4 | _aTRASTORNOS DEL APRENDIZAJE | |
| 650 | 4 | _aPSICOLINGUISTICA | |
| 650 | 4 | _aINVESTIGACION LINGUISTICA | |
| 650 | 4 | _aCOMPORTAMIENTO LINGUISTICO | |
| 650 | 4 | _aPSICOTERAPIA | |
| 650 | 4 | _aPSICOLINGUISTICA | |
| 650 | 4 | _aTRASTORNOS DEL COMPORTAMIENTO | |
| 650 | 4 | _aFISIOTERAPIA | |
| 653 | _aTRASTORNOS DEL LENGUAJE | ||
| 653 | _aFONOAUDIOLOGIA | ||
| 700 | 1 | _aPonzio, Jacques | |
| 700 | 1 | _aLafond, D. | |
| 700 | 1 | _aDegiovani, R. | |
| 700 | 1 | _aYoanette, Y. | |
| 942 | _cBK | ||
| 998 | _cGrace | ||
| 999 |
_c9432 _d9432 |
||